000 00443nam a22001457a 4500
020 _a9789870325154
080 _a342.72/ 73 R 145
100 _aRamìrez, Silvina
245 _aConstitucionalismo y Derechos de los Pueblos Indìgenas
260 _aBuenos Aires
_bLa Ley; departamento de Publicaciones de la Facultad de Derecho
_c2013
300 _a176 P.
_c24 X 17 Cm.
650 _xderechos humanos
945 _acd
_d2015-08-25
999 _c4134
_d234638
942 _6_